000 00281nam a2200109Ia 4500
008 220204s9999 xx 000 0 und d
020 _aISSN:09752250
082 _a0582012
_bMAN
245 0 _aManorama yearbook 2012
260 _aMalayala Manorama Press
_bKottayam
_c2012
942 _cBK
999 _c43035
_d43035